Normal view
MARC view
- Benton, brian ,omura, george
Entry Personal Name
001 - CONTROL NUMBER
- control field: 60309
003 - CONTROL NUMBER IDENTIFIER
- control field: NUST
005 - DATE AND TIME OF LATEST TRANSACTION
- control field: 20210628202523.0
008 - FIXED-LENGTH DATA ELEMENTS
- fixed length control field: 210628|| aca||aabn | a|a d
040 ## - CATALOGING SOURCE
- Original cataloging agency: NUST
- Transcribing agency: NUST
100 ## - HEADING--PERSONAL NAME
- Personal name: Benton, brian ,omura, george
670 ## - SOURCE DATA FOUND
- Source citation: Work cat.: (NUST): Benton, brian ,omura, george, Mastering autocad 2015 and autocad lt 2015, 2015
